The story of the dictionary /

Traces the history of the dictionary and describes what goes into the compilation of this second most popular book in the English language.

Bibliographic Details
Main Author: Kraske, Robert
Format: Book
Language:English
Published: New York : Harcourt Brace Jovanovich, [1975]
Edition:1st ed.
Subjects:

MARC

Tag First Indicator Second Indicator Subfields
LEADER 00000pam a2200000 a 4500
001 in00000097120
005 20150924085020.0
008 741021s1975 nyua j b 00110 engm
010 |a  74023177  
020 |a 0152808507 
035 |a (OCoLC)01093497 
035 |9 AAK8994AM 
040 |a DLC  |c DLC  |d TXA  |d UtOrBLW 
049 |a [Curr Col] TXAM  |c [388829] 
050 0 0 |a PE1611  |b  K7 
082 0 |a 413/.08 
100 1 |a Kraske, Robert. 
245 1 4 |a The story of the dictionary /  |c by Robert Kraske ; illustrated with photographs. 
250 |a 1st ed. 
264 1 |a New York :  |b Harcourt Brace Jovanovich,  |c [1975] 
264 4 |c ©1975 
300 |a 67 pages :  |b illustrations ;  |c 23 cm. 
336 |a text  |b txt  |2 rdacontent 
337 |a unmediated  |b n  |2 rdamedia 
338 |a volume  |b nc  |2 rdacarrier 
500 |a Includes index. 
504 |a Bibliography: pages 63-64. 
520 |a Traces the history of the dictionary and describes what goes into the compilation of this second most popular book in the English language. 
650 0 |a English language  |x Lexicography  |x Juvenile literature. 
650 1 |a English language  |x Lexicography. 
999 |a MARS 
999 f f |s 6be13973-32de-3e30-989f-834d17e36440  |i 8944232f-a201-325b-873a-9b941b2fcfea  |t 0 
952 f f |p normal  |a Texas A&M University  |b College Station  |c Sterling C. Evans Library  |d Evans: Curriculum Collection (4th floor)  |t 0  |e PE1611 K7  |h Library of Congress classification  |i unmediated -- volume  |m A14806041077 
998 f f |a PE1611 K7  |t 0  |l Evans: Curriculum Collection (4th floor)